The lady's chair and the ottoman / (Record no. 568)

MARC details
000 -LEADER
fixed length control field 00899pam a2200265 a 4500
005 - DATE AND TIME OF LATEST TRANSACTION
control field 20260322212025.0
008 - FIXED-LENGTH DATA ELEMENTS--GENERAL INFORMATION
fixed length control field data
010 ## - LIBRARY OF CONGRESS CONTROL NUMBER
LC control number 84011196
020 ## - INTERNATIONAL STANDARD BOOK NUMBER
International Standard Book Number 0688040977
020 ## - INTERNATIONAL STANDARD BOOK NUMBER
International Standard Book Number 0688040985 (lib. bdg.)
020 ## - INTERNATIONAL STANDARD BOOK NUMBER
International Standard Book Number 9780688040970
020 ## - INTERNATIONAL STANDARD BOOK NUMBER
International Standard Book Number 9780688040987 (lib. bdg.)
040 ## - CATALOGING SOURCE
Original cataloging agency DLC
Transcribing agency DLC
Modifying agency DLC
042 ## - AUTHENTICATION CODE
Authentication code lcac
050 00 - LIBRARY OF CONGRESS CALL NUMBER
Classification number PZ7.T2642
Item number Lad 1987
082 00 - DEWEY DECIMAL CLASSIFICATION NUMBER
Classification number [E]
Edition information 19
001 - CONTROL NUMBER
control field data
100 1# - MAIN ENTRY--PERSONAL NAME
Personal name Tennyson, Noel.
245 14 - TITLE STATEMENT
Title The lady's chair and the ottoman /
Statement of responsibility, etc. Noel Tennyson.
250 ## - EDITION STATEMENT
Edition statement 1st ed.
260 ## - PUBLICATION, DISTRIBUTION, ETC.
Place of publication, distribution, etc. New York :
Name of publisher, distributor, etc. Lothrop, Lee & Shepard Books,
Date of publication, distribution, etc. c1987.
300 ## - PHYSICAL DESCRIPTION
Extent [32] p. :
Other physical details ill. ;
Dimensions 25 x 29 cm.
520 ## - SUMMARY, ETC.
Summary, etc. An ottoman has spent as long as he can remember trying to get close to a lady's chair; and though fortune separates them and they seem to come to unhappy ends, a marvelous coincidence reunites them in a very happy way.
650 #1 - SUBJECT ADDED ENTRY--TOPICAL TERM
Topical term or geographic name entry element Furniture
General subdivision Fiction.
Holdings
Withdrawn status Lost status Damaged status Not for loan Home library Current library Shelving location Date acquired Total checkouts Full call number Barcode Date last seen Price effective from Koha item type
        Centerville Centerville General stacks 22/03/2026   [E] 19 BC0010581 22/03/2026 22/03/2026 Books